Gender and education : an encyclopedia /

Bibliographic Details
Other Authors: Bank, Barbara J., Delamont, Sara, 1947-, Marshall, Catherine, 1946-
Format: Book
Language:English
Published: Westport, Conn. : Praeger Publishers, 2007.
Subjects:
Online Access:Table of contents only

MARC

Tag First Indicator Second Indicator Subfields
LEADER 00000cam a22000004a 4500
001 in00002339821
005 20180312124238.0
008 070606s2007 ctu be 001 0 eng
010 |a  2007023758 
020 |a 9780313333439 (set : alk. paper) 
020 |a 0313333432 (set : alk. paper) 
020 |a 9780313333446 (vol 1 : alk. paper) 
020 |a 0313333440 (vol 1 : alk. paper) 
020 |a 9780313333453 (vol 2 : alk. paper) 
020 |a 0313333459 (vol 2 : alk. paper) 
035 |a (OCoLC)ocn144598101 
035 |a (OCoLC)144598101 
040 |a DLC  |c DLC  |d BAKER  |d BTCTA  |d C#P  |d BWX  |d YDXCP  |d UtOrBLW 
043 |a n-us--- 
049 |a TXAM 
050 0 0 |a LC213  |b .G425 2007 
082 0 0 |a 370.8203  |2 22 
245 0 0 |a Gender and education :  |b an encyclopedia /  |c edited by Barbara J. Bank ; Sara Delamont and Catherine Marshall, associate editors. 
264 1 |a Westport, Conn. :  |b Praeger Publishers,  |c 2007. 
300 |a 2 volumes ;  |c 27 cm. 
336 |a text  |b txt  |2 rdacontent 
337 |a unmediated  |b n  |2 rdamedia 
338 |a volume  |b nc  |2 rdacarrier 
504 |a Includes bibliographical references and indexes. 
505 0 |a v. 1. Gendered theories of education -- Gender issues in educational research -- Institutional contexts for gendered education -- Gender constructions in the official curriculum -- Gendered achievements in the official curriculum -- v. 2. Gender constructions and achievements in the extracurriculum -- Gender constructions in the hidden curriculum -- Gender constructions in the peer group -- Gendered teaching and administration -- Gender and educational policies. 
650 0 |a Educational equalization  |v Encyclopedias. 
650 0 |a Women  |x Education  |v Encyclopedias. 
650 0 |a Sex discrimination in education  |v Encyclopedias. 
700 1 |a Bank, Barbara J. 
700 1 |a Delamont, Sara,  |d 1947- 
700 1 |a Marshall, Catherine,  |d 1946- 
856 4 1 |3 Table of contents only  |u http://www.loc.gov/catdir/toc/ecip0720/2007023758.html  |t 0 
938 |a YBP Library Services  |b YANK  |n 2542692 
945 |a PromptCat  |b 253398 
946 |a ref 
947 |a A14836477795 
947 |a A14836477753 
994 |a 92  |b TXA 
948 |a cataloged  |b h  |c 2007/11/1  |d c  |e blrosas  |f 1:18:55 pm 
999 |a MARS 
999 f f |s c7506504-09f0-3f7d-9a26-54f9775f6214  |i d6df340d-7c20-3329-bee0-a6ca3b6beee3  |t 0 
952 f f |p storage  |a Texas A&M University  |b J.J. Pickle Campus  |c High Density Repository  |d Remote Storage  |t 0  |e LC213 .G425 2007  |h Library of Congress classification  |i unmediated -- volume  |k v.2  |m A14836477753 
952 f f |p storage  |a Texas A&M University  |b J.J. Pickle Campus  |c High Density Repository  |d Remote Storage  |t 0  |e LC213 .G425 2007  |h Library of Congress classification  |i unmediated -- volume  |k v.1  |m A14836477795 
998 f f |a LC213 .G425 2007  |s v.1-2  |t 0  |l Remote Storage